|
|
|
|
| LEADER |
01222pam a22003018a 4500 |
| 001 |
00045597 |
| 005 |
20200622100654.0 |
| 008 |
150423s2013 ||||||Viesd |
| 020 |
# |
# |
|a 9786045454541
|c 75000
|
| 041 |
0 |
# |
|a Vie
|
| 082 |
1 |
4 |
|b H561D
|a 510.7
|
| 245 |
0 |
0 |
|a Hướng dẫn dạy học môn Toán trung học cơ sở theo Chương trình giáo dục phổ thông mới
|c Đỗ Đức Thái (ch.b); Đỗ Tiến Đạt, Nguyễn Hoài Anh, ... [những người khác]
|
| 260 |
# |
# |
|a Hà Nội
|b Đại học sư phạm
|c 2019
|
| 300 |
# |
# |
|a 207 tr.
|c 24 cm
|
| 653 |
# |
# |
|a Hướng dẫn dạy học
|
| 653 |
# |
# |
|a Giáo dục phổ thông mới
|
| 653 |
# |
# |
|a Chương trình
|
| 653 |
# |
# |
|a Toán
|
| 653 |
# |
# |
|a Trung học cơ sở
|
| 700 |
1 |
# |
|a Nguyễn, Hoài Anh
|
| 700 |
1 |
# |
|a Nguyễn, Sơn Hà
|
| 700 |
1 |
# |
|a Phạm, Sỹ Nam
|
| 700 |
1 |
# |
|a Phạm, Xuân Chung
|
| 700 |
1 |
# |
|a Đỗ, Tiến Đạt
|
| 700 |
1 |
# |
|e Chủ biên
|a Đỗ, Đức Thái
|
| 852 |
# |
# |
|j KGT.0059212
|j KGT.0059215
|j KD.0027241
|j KGT.0059214
|j KGT.0059213
|
| 910 |
# |
# |
|d 22/6/2020
|
| 980 |
# |
# |
|a Trung tâm Học liệu Lê Vũ Hùng, Trường Đại học Đồng Tháp
|